00916nam a2200241 i 4500001000700000003000700007005001700014008004100031017005300072020001800125040003900143100004500182245010300227260003800330300002700368336002200395337003000417338002400447600003600471655001700507700003200524852011800556194580SpMaBN20260216183914.0241001s2023 sp | |||| 000 0 spa  aCC 0096-2022bOficina Depósito Legal Cáceres a9788412512571 aSpMaBNbspacSpMaBNerdadES-MaACL1 aRamos Rubio, José Antonio,d1963-eaut1 aMiguel Sansón :breflexiones de un artista /cJosé Antonio Ramos Rubio, Rosa Perales Piqueres. aCáceres :bTau Editores, c2022 a120 páginas ;c23 cm aTexto2rdacontent asin mediación2rdamedia avolumen2rdacarrier172embneaSansón, Miguel,d1961- 0aBiografías aPerales Piqueres, Rosaeaut aES-MaACLcDEPOJjN-8678xEncuadernación rústica con solapashDonación: José Antonio Ramos RubiobR.153370